ताश के पत्ते/ (Record no. 199425)
[ view plain ]
| 000 -LEADER | |
|---|---|
| fixed length control field | 00696nam a22001937a 4500 |
| 005 - DATE AND TIME OF LATEST TRANSACTION | |
| control field | 20231204124905.0 |
| 010 ## - LCCN (DPL NO) | |
| LC control number | HIN-126435 |
| 020 ## - INTERNATIONAL STANDARD BOOK NUMBER | |
| Terms of availability | 295.00 |
| International Standard Book Number | 9788194131885 |
| 035 ## - SYSTEM CONTROL NUMBER | |
| System control number | HN-98781 |
| 037 ## - SOURCE OF ACQUISITION | |
| Source of stock number/acquisition | DBAD/PUB |
| 082 ## - DEWEY DECIMAL CLASSIFICATION NUMBER | |
| Classification number | क |
| 100 ## - MAIN ENTRY--PERSONAL NAME | |
| Personal name | रज़ा,सोहेल |
| 245 ## - TITLE STATEMENT | |
| Title | ताश के पत्ते/ |
| Statement of responsibility, etc | सोहेल रज़ा |
| 250 ## - EDITION STATEMENT | |
| Edition statement | 1 |
| 260 ## - PUBLICATION, DISTRIBUTION, ETC. (IMPRINT) | |
| Place of publication, distribution, etc | दिल्ली |
| Name of publisher, distributor, etc | राजपाल एण्ड सन्ज़ |
| Date of publication, distribution, etc | 2020 |
| 270 ## - ADDRESS | |
| City | दिल्ली |
| Address | 1590, मदरसा रोड , कश्मीरी गेट |
| Postal code | 110006 |
| 300 ## - PHYSICAL DESCRIPTION | |
| Extent | 223पृ; |
| Dimensions | 22 सेमी(अजिल्द) |
| 942 ## - ADDED ENTRY ELEMENTS (KOHA) | |
| Source of classification or shelving scheme | Dewey Decimal Classification |
| Item type | Hindi Books |
| Classification part | क |
| Call number suffix | रज़ासो |
| Withdrawn status | Lost status | Not for loan | Collection code | Home library | Current library | Date acquired | Source of acquisition | Cost, normal purchase price | Full call number | Barcode | Copy number | Cost, replacement price | Koha item type |
|---|---|---|---|---|---|---|---|---|---|---|---|---|---|
| Non-fiction | Vinoba Puri | Vinoba Puri | 04/12/2023 | DBAD/PUB | 295.00 | क रज़ासो | HN-98781 | 1 | 295.00 | Hindi Books |
